000 00530nam a2200193Ia 4500
008 131103s9999 xx 000 0 und d
020 _cRs.3
040 _aLoreto College
041 _aEnglish
082 _a891.442/RAY
_bLCLIB/19795
100 _aRay Chaudhury, Bibhas
245 _aNatya sahityer bhumika
_cBibhas Ray Chaudhury
260 _aKolkata
_bThe Book Emporium
_c1945
300 _a221p.
_c 19cm.
504 _aIncludes index
650 _aBengali drama - Criticism
850 _aLCLIB/891.442/RAY
942 _cBK
999 _c21442
_d71921